[Event "IND-chT (Women) 21st"]
[Site "Dharamshala"]
[Date "2024.03.29"]
[Round "1.4"]
[White "Soumya, Swaminathan"]
[Black "Palak, Thakur"]
[Result "1-0"]
[WhiteElo "2259"]
[BlackElo "1485"]
[PlyCount "69"]
[EventDate "2024.03.29"]
[EventType "team-swiss"]
[EventRounds "7"]
[EventCountry "IND"]
[SourceTitle "CB15_2024"]
[SourceDate "2024.04.10"]
[SourceVersion "1"]
[SourceVersionDate "2024.04.10"]
[SourceQuality "1"]
[WhiteTeam "Petroleum Sports PB (W)"]
[BlackTeam "Himachal Pradesh (W)"]
[WhiteTeamCountry "IND"]
[BlackTeamCountry "IND"]

1. e4 d6 2. d4 Nf6 3. Nc3 Bg4 4. f3 Bh5 5. Be3 Nbd7 6. g4 Bg6 7. g5 Ng8 8. h4 Bh5 9. Bg2 e5 10. Nge2 Ne7 11. Ng3 g6 12. Nxh5 gxh5 13. f4 Bg7 14. dxe5 dxe5 15. f5 Nc6 16. Qxh5 Nb6 17. Rd1 Nd4 18. 0-0 Nc4 19. Bxd4 exd4 20. f6 Bf8 21. g6 Qd7 22. g7 Bxg7 23. fxg7 Rg8 24. Nd5 0-0-0 25. Rxf7 Qd6 26. Ne7+ Kb8 27. Nxg8 Rxg8 28. Rdf1 a6 29. Rf8+ Rxf8 30. gxf8Q+ Qxf8 31. Rxf8+ Ka7 32. Qc5+ Nb6 33. Qxc7 a5 34. Bf1 Na8 35. Qxa5# 1-0